|
|
|
|
| LEADER |
01599cam a2200325 a 4500 |
| 001 |
c000293506 |
| 003 |
CARM |
| 005 |
20090821154818.0 |
| 008 |
751017s1974 at b f000 0 eng d |
| 019 |
1 |
|
|a 1635532
|z 51839526
|5 LACONCORD2021
|
| 020 |
|
|
|a 0642935947
|
| 035 |
|
|
|a (OCoLC)27508913
|5 LACONCORD2021
|
| 040 |
|
|
|a ANB
|b eng
|c ANB
|d SUSA
|
| 042 |
|
|
|a anuc
|
| 082 |
0 |
4 |
|a 621.3
|
| 110 |
2 |
|
|a National Public Works Conference.
|b Sub-Committee on Cost Analysis of Engineering Services.
|
| 245 |
1 |
0 |
|a Cost planning of mechanical and electrical engineering services for building projects /
|c N.P.W.C. Sub-Committee on Cost Analysis of Engineering Services.
|
| 250 |
|
|
|a 2nd ed.
|
| 260 |
|
|
|a [Melbourne] :
|b N.P.W.C. Sub-Committee on Cost Analysis of Engineering Services,
|c 1974.
|
| 300 |
|
|
|a 1v.(various pagings) :
|b diagrs., tables ;
|c 21 x 30cm.
|
| 500 |
|
|
|a Buildings. Mechanical engineering services. Costing. Reports, surveys (ANB/PRECIS SIN 0039446)
|
| 500 |
|
|
|a Buildings. Electrical engineering services. Costing. Reports, surveys (ANB/PRECIS SIN 0039454)
|
| 500 |
|
|
|a Available from The Secretary, National Public Works Conference, P.O. Box 1198K, Melbourne, Vic. 3001.
|
| 504 |
|
|
|a Bibliography: p.13/1-13/3.
|
| 650 |
|
0 |
|a Mechanical engineering
|x Costs.
|
| 650 |
|
0 |
|a Building
|x Estimates.
|
| 650 |
|
0 |
|a Electrical engineering
|x Estimates.
|
| 852 |
8 |
|
|b CARM
|h A2:AH23H0
|i E02103
|p 0531612
|f BK
|
| 999 |
f |
f |
|i 2f10e1cc-14eb-5fa6-841c-d7fa24bb427c
|s 59c67b4c-896f-5995-ac95-2246b22c75df
|
| 952 |
f |
f |
|p Can circulate
|a CAVAL
|b CAVAL
|c CAVAL
|d CARM 1 Store
|e E02103
|f A2:AH23H0
|h Other scheme
|i book
|m 0531612
|